[Event "Klubbmesterskapet 2011"]
[Site "Ås, Akershus NOR"]
[Date "2011.04.28"]
[Round "11"]
[White "Lea, Per"]
[Black "Snellingen, Jørn"]
[Result "1/2-1/2"]
[WhiteElo "1566"]
[BlackElo "1845"]
[Annotator "Lea, Per"]
[PlyCount "140"]
[EventDate "2011.01.20"]

1. e4 Nc6 {Overraskelse! Heldigvis hadde jeg ikke brukt alt for mye tid på å
analysere Alekhine. Helt ukjent med åpningen er jeg ikke: jeg har møtt den mot
Wasteson (fornavn ukjent!), Vårturnering klasse IV, O.S.S. 1965 (1/2-1/2),
Vojin Savic, ICCF Cup IV Semifinale, 1981 (postsjakk) (0-1), Dag Ulvin, ØS 3C
1984/85 (0-1), Harald Furnes, Klubbmesterskap klasse A, Ås 1992 (1-0) og Tor
Langø, Høstturnering Ås, 1992 (1-0).} 2. d4 e5 {
Men allerede der avvikes det fra 3 av tidligere partiene, hvor det ble spilt} (
2... d5 3. exd5 (3. e5 {[%emt 0:00:00]} Bf5 4. Bb5 e6 5. Nf3 Nge7 6. O-O Ng6 7.
Nc3 Be7 8. Ne2 Bg4 9. Ne1 Bxe2 10. Qxe2 $14 {(Ulvin)}) (3. Nc3 dxe4 4. d5 Ne5
5. Nxe4 e6 6. c4 exd5 7. Qxd5 Bb4+ 8. Bd2 Bxd2+ 9. Qxd2 Bf5 $15 {(Savic)}) 3...
Qxd5 4. Nf3 Bg4 5. Be2 h5 6. h3 Bxf3 7. Bxf3 Qe6+ 8. Be3 $14 {(Wasteson)}) (
2... e6 3. Nf3 d5 4. e5 h6 5. Nc3 Bb4 6. a3 Ba5 7. b4 Bb6 8. Bb2 $14 {(Furnes)}
) (2... Nf6 3. e5 Nd5 4. c4 Ndb4 5. a3 Na6 6. b4 Naxb4 $2 $18 {(Langø)}) 3. d5
({Etter} 3. Nf3 exd4 4. Bc4 {
kunne havnet i skotsk gambit - en åpning jeg hater å spille MOT...}) 3... Nce7
4. Nf3 Ng6 5. c4 {Hvits sentrum begynner å se imponerende ut, men svart har
egentlig ingen problemer.} Nf6 6. Bd3 Bc5 7. O-O d6 8. h3 {Unødvendig - og
derfor en svekkelse. Bindingen etter et løpertrekk til g4 er ufarlig siden
hvit lett kan gardere springeren på f3 med broren sin på d2 og deretter flytte
dronninga ut av bindinga.} O-O 9. Nc3 a5 10. Na4 Ba7 11. Bd2 c6 {Unødvendig,
men siden hvit svarer med et like unødvendig trekk, får det liten praktisk
betydning...} 12. a3 Nh5 {Plutselig åpner det seg angrepsmuligheter for svart;
legg merke til at hvit må stadig vurdere muligheten av et løperoffer på h3;
hadde bonden holdt seg på h2 hadde denne muligheten ikke eksistert. Også den
svarte dronninga kan plutselig få mulighet til å ta del i begivenhetene. Og
ikke minst: den fjerne løperen på a7 er absolutt med i spillet, i skarp
kontrast til den hvite merra på a4 som knapt nok fortjener å blli en
ingrediens i produksjonen av billigpølser.} 13. b4 ({En logisk følge av hvits
forrige trekk, men ikke nødvendigvis godt for det. En bedre plan kunne være:} 
13. dxc6 bxc6 14. c5 dxc5 15. Bg5 {og svarts fordel er minimal.}) 13... Ngf4 $1
14. Bxf4 Nxf4 15. Kh2 $2 {
Overvurderer nok offermulighetene på h3. Svart står klart best.} f5 {Virker log
isk, men det er mulig det er bedre å overføre dronninga til f-linja med en
gang framfor å bruke tid på å åpne opp for tårnet..} 16. Nc3 cxd5 17. Nxd5 {
Det kan være greit å bli kvitt den ekle springeren på f4, men ulempen er at
svart ved å bytte på d3 kan gå inn i en stilling med løpepar mot springerpar.
Sannsynligvis ville da også det være et klart bedre alternativ ennteksttrekket.
} Nxd5 18. cxd5 fxe4 19. Bxe4 {
Dermed er svarts fordel nesten smuldret helt bort.} Qf6 20. Qd2 {... og dermed
får svart tilbake deler av den tapte fordelen. Svart truet riktig nok
dronningsjakk med løpergevinst, men det var bedre å gardere løperen. Igjen var
det mulighetene for løperoffer på h3 fulgt av farlig kongeangrep som spøkte i
hvits hode.} Qf4+ 21. Qxf4 Rxf4 22. Rae1 Bd7 23. g3 Rff8 {
Hvorfor ikke bare til f6 etterfulgt av tårndobling i f-linja?} 24. Kg2 Bb5 25.
Rg1 axb4 26. axb4 Bc4 {Kaster bort mesteparten av fordelen.} (26... Bb6 {
for å prøve å få tårnet i spill i den åpne a-linja er bedre, f.eks.:} 27. Ra1 {
Mer eller mindre nødvendig, ellers får svart plassert tårnet på 2. eller 3.
raden med ekle trusler.} h6 28. Rxa8 Rxa8 29. Rc1 Ra2 30. Rc2 {
og her er svarts beste sjanse å utnytte løper-paret etter} Rxc2 31. Bxc2 Kf7
$15) 27. Rc1 b5 28. Rc2 (28. Ra1 Bb6 29. Rgc1 {gir større muligheter for å
greie remis (som i denne stillingen er det beste hvis kan håpe på).}) 28... Bb6
29. Ng5 h6 30. Ne6 {Alltid kjekt å plassere en springer der (eller på d6), men
det spørs hvor farlig det egentli er. For eksempel har den ingen felt å gå til
hvis det skulle bli behov for  den andre steder...} Rf7 31. Rb1 Rfa7 32. f4
$141 $2 {Ideen var å få omplassert springeren, men svart kunne knust hvits
forhåpninger ved heller å besette 3. raden med tårnet.} exf4 33. Nxf4 Ra2 34.
Rbb2 {Feil tårn. Nå kan svart få et tårn på 1. raden som sammen med løperparet
kan bli et farlig angrepsvåpen. Men i begynnende gjensidig tidsnød er det ikke
alltid like lett å ta de beste valgene.} Bd4 35. Rxa2 Rxa2 36. Rxa2 $141 Bxa2 {
Dermed er svarts fordel minimal. Vinstplanen ligger i å kunne utnytteløperparet
, men hvor lett er det egentlig? Målet for hvit er å få byttet springeren mot
en av løperne - sannsynligvis er stillingen da død remis uansett om det er
likefargete eller ulikefragete løpere igjen. Greier svart å få et sluttspill
med løper mot springer, er mesteparten av jobben gjort.} 37. Bd3 Bc3 38. Bxb5
g5 $1 {Bedre enn å slå b-bonden. Nå får hvit og svart hver sin fribonde, og
svart har i tillegg store muligheter til å vinne b-bonden også. Men hvis
prisen han må betale er å bytte hvitfeltsløperen mot hvits springer, så spørs
det om det er verdt det. Et sluttspill med ulikefargete løpere regnet jeg med
å kunne holde, selv med bonde under.} 39. Nd3 Bxd5+ 40. Kf2 {Fordi det ikke
har noen hensikt å bytte hvitfeltsløperen mot springeren, burde svart heller
ha prioritert å få aktivitert kongen.} Be4 41. Ke3 d5 42. Bd7 Kf7 43. b5 Ke7
44. Bc8 Kd8 45. Bg4 Kc7 46. Nc5 Bc2 47. Ne6+ Kb6 48. Be2 $2 {
En stygg overseelse.} (48. Nd4 Be4 49. Be2 Bb2 50. h4 gxh4 51. gxh4 {
begynner å bli vanskelig å vinne for svart.}) 48... Bf5 49. Nd4 Bxh3 50. g4
Bxd4+ $2 (50... Bg2 51. Nf5 Kc5 52. Nxh6 d4+ 53. Kf2 Be4 54. Nf7 Bd2 55. Ne5
Kd5 56. Nd3 Kc4 57. Ne5+ Kc3 {og vi kunne fått en bekreftelse på Leas 2.
sluttspill-lov: "Svarte fribønder går fortest!"}) 51. Kxd4 Bg2 {
Denne stillingen skal bare være remis.} 52. Bd3 $4 {
Men nå snur hvit det hele på hodet.} (52. Ke5 Be4 53. Kf6 d4 54. Kg7 h5 55.
gxh5 d3 56. Bd1 Kxb5 57. h6 Kc4 58. h7 Bxh7 59. Kxh7 d2 60. Kg6 g4 61. Bxg4
d1=Q 62. Bxd1 {1/2-1/2.}) 52... Bf3 53. Bf1 Bxg4 54. Kxd5 Bd7 55. Ke5 Bxb5 {
Dermed er vi nede på "Nalimov-nivå", dvs sluttspill med max. 6 brikker - og
kan sjekke om stillingen er remis eller vunnet for en av partene (www.k4it.de/
index. php?topic=egtb&lang=e). Under partiet regnet jeg med at stillingen var
remis, siden svarts fjerne kongeplassering måtte føre til at hvit ville vinne
en av bøndene og deretter ofre løperen på den siste. Men Nalimovs fasit er:
Vinst for svart! Etter hvits neste trekk skal svart sette matt etter høyst 30
trekk.} 56. Bg2 Bd3 $4 {Og der forsvant vinsten, selv om det fremdeles er
mulig at hvit nok en gang sørger for at svart konmmer på banen. Vinsttrekkene
er:} (56... Bd7) (56... Kc5) (56... Be8) (56... Be2) (56... Bc6) (56... Kc7)
57. Bf3 {Jeg hadde ingen mulighet til å vite det under partiet, men dette er
ett av de 3 trekkene som holder remis, de 11 resterende mulighetene gir svart
alle 3 poengene. De 2 andre er:} (57. Bh3) (57. Kf6) 57... Kc5 58. Kf6 $1 {
I tillegg til løpertrekk til g4 eller h5 det eneste som redder remisen.} Kd4
59. Kg7 {Løpertrekk til h5 gjør samme nytten - alt annet taper!} Ke3 60. Kxh6
Kf4 {Svart kan selvfølgelig ikke ta med seg løperen.} 61. Kh5 {
Løpertrekk til h5 eller d1 holder også.} Bc4 62. Bd1 {Kongetrekk til h6 eller
g6 holder også, men jeg syntes det var ulogisk å gå bakover med kongen.} Bf7+
63. Kh6 Be8 64. Be2 {Løpertrekk til f3 eller kongetrekk til h7 eller g7 holder
også, men igjen virker det ulogisk å backe med kongen ("Kungsbacka")} Bd7 65.
Kh5 {Samtlige løpertrekk taper, men igjen var det mulig å trekke kongen
tilbake til 6. raden. Eksempel på tapsvariant:} (65. Bd1 Bg4 66. Ba4 Bf3 67.
Bd7 Be4 68. Kh5 Bf5 69. Bc6 g4 70. Kh4 g3 71. Bd5 Bg4 72. Bg2 Be2 73. Kh3 Bf3
74. Bf1 Be4 75. Bg2 Bf5+ 76. Kh4 Bg4 77. Bf1 Kf3 78. Kg5 Be6 79. Kf6 Kf2 80.
Bb5 g2 $19) 65... Bh3 66. Bd1 Bf1 67. Bg4 Bg2 68. Bd1 Bh3 69. Be2 Bc8 70. Bd1
Ba6 {Svart innser at det ikke er mulig å komme videre og tilbyr derfor remis,
spesielt siden han her hadde i underkant av 3 minutter igjen, mot mine nesten
15.} 1/2-1/2

[Event "Klubbmesterskapet 2011"]
[Site "Ås, Akershus NOR"]
[Date "2011.04.28"]
[Round "11"]
[White "Furnes, Torstein"]
[Black "Bakken, Svein-Erik"]
[Result "1/2-1/2"]
[WhiteElo "1568"]
[BlackElo "1412"]
[PlyCount "94"]
[EventDate "2011.01.20"]

1. d4 d5 2. c4 Nf6 3. cxd5 Qxd5 4. Nc3 Qd8 5. Nf3 e6 6. Bg5 Be7 7. e3 O-O 8.
Bd3 Nbd7 9. O-O Re8 10. Rc1 a6 11. Bb1 Nf8 12. Ne5 c6 13. Qf3 Ng6 14. Nxg6 hxg6
15. Rfd1 Nd5 16. Bxe7 Nxe7 17. Ne4 Rf8 18. Ng5 f6 19. Nh3 Qd5 20. Qg3 Kf7 21.
Rc5 Qd7 22. e4 b6 23. Rc3 f5 24. Ng5+ Ke8 25. Qe5 Ng8 26. exf5 gxf5 27. Re1 Kd8
28. Nxe6+ Qxe6 29. Qxe6 Bxe6 30. Rxe6 Ne7 31. Bc2 Ra7 32. Ba4 b5 33. Bb3 g6 34.
Rd3 Rd7 35. Re5 Kc7 36. d5 Rf6 37. Rc3 Rfd6 38. Kf1 Nxd5 39. Bxd5 Rxd5 40. Rxd5
Rxd5 41. Ke2 a5 42. Rg3 Rd6 43. h4 c5 44. Rg5 Kc6 45. h5 gxh5 46. Rxf5 Rd5 47.
Rf6+ Rd6 1/2-1/2

[Event "Klubbmesterskapet 2011"]
[Site "Ås, Akershus NOR"]
[Date "2011.05.05"]
[Round "12"]
[White "Thowsen, Alf Geir"]
[Black "Lea, Per"]
[Result "0-1"]
[WhiteElo "1192"]
[BlackElo "1566"]
[Annotator "Lea, Per"]
[PlyCount "66"]
[EventDate "2011.01.20"]

1. d4 d5 2. c4 e6 3. Nc3 Nf6 4. Nf3 c6 5. Bg5 Be7 6. e3 Nbd7 7. Bd3 dxc4 8.
Bxc4 Nd5 9. Bxe7 Qxe7 10. Rc1 O-O 11. O-O Nxc3 {Etter noen betydningsløse
trekkomkastninger er vi inne i Capablancasystemet i ortodoks dronninggambit.}
12. Rxc3 {Se kommentarene til Furnes-Lea fra runde 3.} e5 {
Standardmetoden for å få løperen i spill.} 13. Qc2 ({
I tillegg til teksttrekket kan hvit også prøve:} 13. dxe5 Nxe5 14. Nxe5 Qxe5
15. f4) (13. e4 exd4 14. Nxd4 Ne5 $1 (14... Qxe4 $2 15. Re1 Qg6 16. Ne6 fxe6
17. Rxe6 Qf5 18. Rf6+ Kh8 19. Rxf5 $18) 15. Bb3 Rd8 {og hvit er i trøbbel}) (
13. d5 e4 ({Hvit håper på} 13... cxd5 14. Qxd5 e4 (14... Re8 15. Ng5 Rf8 16. f4
$14) 15. Nd4 Nb6 16. Qa5 Nxc4 17. Rxc4 {hvoretter springeren er sterkere enn
løperen, men svart behøver jo ikke slå på d5.}) 14. Nd4 c5 15. Nf5 Qe5 16. Ng3
Nf6 {med lik stilling i følge Polugajevskij.}) (13. Bb3 e4 (13... Kh8 $2 14.
dxe5 Nxe5 15. Nxe5 Qxe5 16. Bxf7 {
og svart har tapt en bonde på grunn av åttenderadsmatten.}) (13... exd4 14.
exd4 Nf6 15. Re1 Qd6 16. Rce3 Bg4 17. h3 Bxf3 18. Rxf3 Rad8 {
med lik stilling (Polugajevskij)}) 14. Nd2 Kh8 15. Qh5 f5 16. f3 Nf6 17. Qh4
Be6 18. fxe4 fxe4 19. Rc5 (19. Nxe4 $2 Bxb3 20. Nxf6 Bg8 $1 21. Qe4 Qf7 22. Qd3
gxf6 $19) 19... Bd5 20. Bxd5 cxd5 21. Rfc1 $11) (13. Qb1 {Ikke bare en
potensiell trussel mot h7, men også en støtte for bondeframstøt til b4. Også
her har svart de samme to hovedfortsettelsene som i forrige variant:} exd4 (
13... e4 14. Nd2 Nf6 15. b4 Bg4 16. Rfc1 Rac8 17. h3 Be6 ({
Løperen blir stående off-side hvis den holder seg til diagonalen h5-d1.} 17...
Bh5 18. b5 Bg6 19. Bb3 Qd7 20. bxc6 bxc6 21. Qc2 {vinner en bonde for hvit.})
18. Bxe6 Qxe6 19. Rc5 {med posisjonell fordel for hvit.}) 14. exd4 Nb6 15. Bb3
Qf6 16. Re1 Be6 17. Bxe6 fxe6 18. Rce3 Rae8 {og de svake bøndene på d4 og e6
oppveier hverandre. Jeg tror alikevel jeg ville foretrukket den hvite
stillingen her. Men Ikke hvis hvit forstetter med} 19. Re5 Nd7 20. Ng5 $2 Qxf2+
21. Kh1 g6 22. R5e3 (22. Rxe6 Rxe6 23. Nxe6 Rf5 24. h3 Nf6 25. Re5 Rxe5 26.
dxe5 Nd5 {med liten fordel for svart.})) 13... e4 (13... exd4 14. exd4 Nf6 (
14... Nb6 15. Re1 Qd8 16. Bb3 Nd5 17. Bxd5 Qxd5 18. Re5 Qd6 19. Qe4 f6 20. Re7
Bd7 {med lik stilling.})) 14. Nd2 Nf6 15. f3 {Forbigått i taushet av såvel
Polugajevskij som Taimanov. Men det er spilt noen ganger tidligere.} (15. Bb3 {
er mer populært, med planen å overføre tårnet til e5 via c5. Alternativt kan
hvit finne en måte å få gjennomført bondeframstøtet til b4 på.}) 15... Bf5 16.
fxe4 Bxe4 17. Nxe4 Nxe4 18. Rb3 Rad8 {Så sterkt ut for meg da jeg spilte det,
men jeg hadde nok oversett hvits plan om å få plassert et tårn på e5, i denne
stillingen via f5. Andre alternativer som har vært prøvd er} (18... Nd6) (18...
Kh8) 19. Rf4 Nf6 20. Rd3 $2 {Neppe noe blivende sted for tårnet. Bedre er} (20.
Be2) 20... Nd5 21. Rf3 $4 {En stygg overseelse. Hvit står helt greit etter} (
21. Bxd5 cxd5 22. Rc3 Rfe8) 21... Nb4 22. Qb1 Nxd3 23. Bxd3 h6 {I lys av noen
varianter som dukket opp seinere i partiet, var det skummelt å lufte når hvit
behersker fluktfeltet h7. Det er vel nærmest en innebygget refleks at når
svart ikke har noen svartfeltsløper, så er g7-g6 en svekkelse av
kongestillingen. Men: ingen regel uten unntak! Bedre var derfor} (23... g6 24.
Qc2 f5 $19) 24. Qc2 Rd6 25. Qf2 c5 26. Rh3 $2 (26. h3 cxd4 27. exd4 Rc8 28. Kh2
{Hvit har en evig svakhet på d4: klar fordel for svart.}) 26... cxd4 27. exd4
Rfd8 28. Re3 Qf6 29. Be4 $2 (29. Qxf6 Rxf6 30. Re7 g5 ({Selvsagt ikke} 30...
Rxd4 $4 31. Re8#) 31. Rxb7 Rxd4 {
fører til nesten like store problemer som teksttrekket.}) 29... Qxd4 30. Bxb7
$4 (30. h3 Re8 31. Rd3 (31. Bh7+ Kf8) 31... Qxf2+ 32. Kxf2 Rb6 33. Bd5 Rxb2+ {
er nesten like håpløst.}) 30... Rf6 $2 {Overser det enda sterkere} (30... Qb6
$1 {som vinner løperen.} 31. Bf3 (31. Be4 Rd1+ 32. Qe1 Rxe1+ 33. Kf2 Qxe3#)
31... Rd1+ 32. Bxd1 Rxd1+ 33. Qe1 Rxe1+ 34. Kf2 Qxe3#) 31. Bf3 Qf4 32. Re4 $4
Qxe4 33. Bxe4 Rd1+ {med matt i neste trekk.} 0-1

[Event "Klubbmesterskapet 2011"]
[Site "Ås, Akershus NOR"]
[Date "2011.05.05"]
[Round "12"]
[White "Vivian-Smith, Adam"]
[Black "Moberg, Jan Rune"]
[Result "0-1"]
[WhiteElo "1055"]
[BlackElo "1532"]
[PlyCount "52"]

1. d4 Nf6 2. e3 Nc6 3. a3 e5 4. Nf3 e4 5. Ne5 Ne7 6. Bc4 d5 7. Bb3 Be6 8. Nc3
Ng6 9. Qe2 c6 10. Bd2 Bd6 11. Nb5 Bxe5 12. dxe5 Nxe5 13. h3 cxb5 14. Qxb5+ Qd7
15. Ba4 O-O 16. Bb4 Rfc8 {[%emt 0:00:00]} 17. O-O Qc7 18. Rad1 Bxh3 19. f4 exf3
20. gxh3 a6 21. Bd6 axb5 22. Bxc7 Rxc7 23. Bxb5 Rxc2 24. e4 Nxe4 25. Bd3 Rg2+
26. Kh1 Ng3# 0-1

[Event "Klubbmesterskapet 2011"]
[Site "Ås, Akershus NOR"]
[Date "2011.05.13"]
[Round "12"]
[White "Bakken, Svein-Erik"]
[Black "Stensland, Martin"]
[Result "1-0"]
[WhiteElo "1412"]
[BlackElo "1168"]
[Annotator "Bakken,Svein-Erik"]
[PlyCount "47"]
[EventDate "2011.01.20"]

{409MB, Fritz7.ctg, FIRMANAV-49E755} 1. d4 d5 2. c4 dxc4 3. Nc3 e6 4. e4 Nf6 5.
Bg5 Be7 6. Bxc4 c6 7. Nf3 b5 8. Be2 b4 9. Bxf6 Bxf6 10. Na4 Nd7 11. O-O O-O 12.
Rc1 Bb7 13. Qb3 a5 14. Rfd1 Bg5 15. Nxg5 Qxg5 16. Nc5 Nxc5 17. Rxc5 Qf4 18. Bf3
Rfd8 19. g3 Qc7 20. Qe3 a4 21. d5 Qe5 22. dxc6 Rxd1+ 23. Bxd1 Qxb2 24. cxb7 1-0

[Event "Klubbmesterskapet 2011"]
[Site "Ås, Akershus NOR"]
[Date "2011.05.05"]
[Round "12"]
[White "Garmark, Vegard"]
[Black "Furnes, Torstein"]
[Result "0-1"]
[WhiteElo "1101"]
[BlackElo "1568"]
[PlyCount "116"]
[EventDate "2011.01.20"]

1. e4 c5 2. Nc3 Nc6 3. f4 d6 4. Nf3 Nf6 5. Be2 g6 6. d3 Bg7 7. O-O O-O 8. Qe1
a6 9. a3 b5 10. Qh4 Bb7 11. e5 dxe5 12. fxe5 Nd7 13. e6 fxe6 14. Ng5 Bd4+ 15.
Kh1 Rxf1+ 16. Bxf1 Nf8 17. Ne2 Bf6 18. Qg4 Qd5 19. Ne4 Ne5 20. Nxf6+ exf6 21.
Qh4 Nfd7 22. Nf4 Qd6 23. Bd2 g5 24. Qg3 Kf7 25. Ne2 h5 26. h4 gxh4 27. Qxh4 Ng6
28. Qg3 Qxg3 29. Nxg3 h4 30. Ne4 Bd5 31. b4 cxb4 32. axb4 Ke7 33. Nc3 Bc6 34.
Re1 Rh8 35. Kg1 Nb6 36. Be3 Nd5 37. Nxd5+ Bxd5 38. c4 Bc6 39. c5 Ne5 40. d4 Nc4
41. Bxc4 bxc4 42. Kh2 Rg8 43. Kh3 Rxg2 44. Kxh4 Rb2 45. Rg1 Rxb4 46. Rg7+ Kd8
47. Rg6 c3 48. Rxf6 Bd5 49. Rf1 c2 50. Kg4 Rb1 51. Rc1 Be4 52. Kf4 Bh7 53. Ke5
Kd7 54. Bd2 a5 55. d5 exd5 56. Kxd5 a4 57. Kc4 a3 58. Kc3 a2 0-1

[Event "Klubbmesterskapet 2011"]
[Site "Ås, Akershus NOR"]
[Date "2011.05.19"]
[Round "13"]
[White "Moberg, Jan Rune"]
[Black "Bakken, Svein-Erik"]
[Result "1-0"]
[WhiteElo "1532"]
[BlackElo "1412"]
[PlyCount "53"]

1. d4 d5 2. Nf3 c5 3. dxc5 Nc6 4. g3 e6 5. Bg2 Bxc5 6. O-O Nf6 7. c4 O-O 8. a3
dxc4 9. Qc2 Qb6 10. Qxc4 Rd8 11. Nc3 Be7 12. b4 Nd5 13. Bb2 a6 14. Ne4 Qc7 15.
Rac1 Qd7 16. Rfd1 Qe8 17. Qc2 h6 18. Nc5 Bd6 19. e4 Ndxb4 20. axb4 Nxb4 21. Qc4
Nc6 22. e5 Bxc5 23. Qxc5 Ne7 24. Nd2 Nd5 25. Ne4 Rd7 26. Nd6 Qd8 27. Nxc8 1-0

[Event "Høstturneringen 2010"]
[Site "Ås, Akershus NOR"]
[Date "2010.09.02"]
[Round "1"]
[White "Lea, Per"]
[Black "Lange, David"]
[Result "1-0"]
[WhiteElo "1569"]
[BlackElo "1849"]
[Annotator "Lea,Per"]
[PlyCount "93"]
[EventDate "2010.09.02"]

1. e4 e5 2. Nf3 Nc6 3. Bb5 a6 4. Ba4 Nf6 5. O-O Be7 6. Re1 b5 7. Bb3 d6 ({
I Follo sjakkforening foretrekker vi vel egentlig manndomsprøven:} 7... O-O {
[%emt 0:00:00]} 8. c3 {[%emt 0:00:00]} d5 9. exd5 Nxd5 10. Nxe5 Nxe5 11. Rxe5
Nf6 12. d4 Bd6 13. Re1 Ng4 14. h3 Qh4 15. Qf3 Nxf2 {
- selv om det ikke alltid går som i Per Wibe - Per Lea, Østlandsserien 1998:}
16. Qxf2 Bh2+ 17. Kf1 Bg3 18. Qxf7+ Rxf7+ {- og på grunn av den lille
løperfinten med en sjakk på h2, besvarer nå svart det "geniale"
dronningofferet med en sjakk, slik at hvit ikke får mattet på e8 med tårnet.
Derfor ga min navnebror opp her. Tidsforbruk: Hvit 55 minutter, svart: 5
minutter.}) 8. c3 O-O 9. h3 Na5 10. Bc2 c5 11. d4 Qc7 12. Nbd2 Rd8 {Hit - men i
kke lenger - gikk mine puggede teorivarinter fra ungdommen. Men planen å
plassere springeren på g3 eller e3, og eventuelt derfra til f5, er (nesten)
uavhengig av hva svart finner på. Tidligere har jeg bare møtt cxd4 eller Sc6
her.} 13. Nf1 Bd7 {Dette virker litt ulogisk på meg: å plassere et tårn i
d-linja signaliserer liksom at svart går med planer om å få åpnet d-linja, f.
eks.:} (13... d5 14. dxe5 dxe4 15. N1d2 exf3 16. exf6 Bxf6 17. Qxf3 Be6 18. Ne4
Be7 19. Qh5 {med kongeangrep for hvit. Men om det holder? Det fikk vi i hvert
fall ikke vite i dette partiet.}) 14. Bg5 $2 {Leser jeg ikke mine egne
kommentarer? Hvis planen bak mitt forrige trekk var å spille springeren til e3
eller g3 - hvorfor gjør jeg det da ikke? Det blir litt sånn som vi sier til
våre barn: "Gjør som jeg sier - ikke som jeg gjør!"} h6 $2 {
Kanskje et naturlig trekk, men det finnes noe bedre:} (14... Nc4 15. Bc1 {
Fordi det kan fort bli ubehagelig med:} (15. b3 Na3 16. Bd3 exd4 17. cxd4 c4
18. Rc1 c3 19. Ne3 b4)) 15. Bh4 Rac8 16. Rc1 Nc4 17. b3 Na3 {Nå ser det ut til
at vi havner i undervarianten nevnt over. Jeg begynner å mislike min egen
stilling og finner ikke det beste i fortsettelsen.} 18. Bb1 $2 (18. Ne3 Nxc2
19. Rxc2 {- og kanskje en tårndobling i c-linja er nok bedre for hvit.}) 18...
Nxb1 19. Rxb1 Bc6 {Provoserer fram en lukking av sentrum, og det bør jeg
kanskje bare ta i mot med glede.} (19... cxd4 20. cxd4 Qa5 21. dxe5 dxe5 22.
Qe2 Qc7 {er kanskje en bedre plan. Med løperparet i behold er det vel en
fordel for svart å åpne stillingen?}) 20. d5 Bd7 21. c4 Rb8 22. Qc2 Rb7 23. Ne3
Rdb8 24. Nd2 Qd8 25. Bg3 Nh5 26. Nf5 Kh7 (26... Nxg3 27. Nxg3 {er nok bedre.})
27. Nxe7 Qxe7 28. Bh2 g6 29. Qc3 Qf6 30. Re3 g5 {Nå er svart i ferd med å gi
fra seg sin lille fordel, og Fritz mener til og med at fordelen nå er i ferd
med å tippe over til hvit.} 31. Rf3 Qg7 32. g4 $2 (32. Qa5 Rb6 33. Re1 {
er en bedre plan, blant mange andre.}) 32... Nf4 33. Bxf4 gxf4 34. Kh2 f5 $2 {
Og dermed er det naturlig for svart å gi tilbake fordelen sin...} 35. exf5 Bxf5
36. Rg1 Rg8 37. Qc1 e4 $2 {Og der får jeg plutselig hele fordelen rett i
fanget (jeg gir riktig nok mesteparten tilbake et par trekk seinere, men...)
Svart skulle nok ha spilt noe slikt i stedet:} (37... Bg6 38. Re1 h5 39. g5 h4
40. Rg1 Qe7 41. Qe1 Bh5 42. Qe4+ Kh8 43. Qf5 Rf8) 38. Rxf4 Qe5 39. Nf1 $2 {
Og nok en gang skifter fordelen eier...} Rbg7 $2 {Og tilbake igjen! I ettertid
blir det å spille gjennom partiet nærmest som en tenniskamp: ballen går fram
og tilbake over nettet} 40. Ng3 Bg6 41. Re1 bxc4 42. bxc4 Rb8 43. Nxe4 Rb1 44.
Nf6+ {En kjempespringer: nå mangler bare et tårn på 7.- eller 8.-raden} Kh8 45.
Rxe5 $1 {Alle andre trekk gir svart klar fordel. Jeg er nesten litt overrasket
at jeg fant trekket under partiet.} dxe5 46. Qe3 exf4 47. Qxf4 {Oppgitt. Svart
har ikke noe forsvar mot dronninginvasjon på h6 eller d-bondesn frammarsj.} 1-0